Ontologia /
Gespeichert in:
| 1. Verfasser: | |
|---|---|
| Format: | Buch |
| Sprache: | Latein |
| Ausgabe: | 4a edición |
| Schriftenreihe: | (Summa Philosophiae Christianae ;
3) |
| Schlagworte: | |
| Tags: |
Keine Tags, Fügen Sie das erste Tag hinzu!
|
MARC
| LEADER | 00000nam^a2200000^a^4500 | ||
|---|---|---|---|
| 001 | 000387042 | ||
| 005 | 20250521000000.0 | ||
| 009 | 20260310121017.113 | ||
| 037 | |a Acervo Xavier Clavigero | ||
| 041 | |a LAT | ||
| 082 | |a 111. |b DON | ||
| 100 | |a Donat, Josepho |e (autor) | ||
| 245 | 1 | 0 | |a Ontologia / |c J. Donat. |
| 250 | |a 4a edición |b corregida | ||
| 264 | |a Innsbruck, Austria : |b Rauch, |c 1921 | ||
| 300 | |a VII, 259 p. | ||
| 336 | |a texto |b txt |2 rdacontenido | ||
| 337 | |a sin mediación |b n |2 rdamedio | ||
| 338 | |a volumen |b nc |2 rdasoporte | ||
| 440 | 1 | |a (Summa Philosophiae Christianae ; |v 3) | |
| 561 | |a Ex libris de Instituto de Literatura Puente Grande, Jal. | ||
| 561 | |a Ex libris de Bibl. Iunioratus Dom. Prob. S. Ioseph | ||
| 561 | |a Ex libris de Bibliotheca Coll. Max. Ysletensis S.J. | ||
| 561 | |a Ex libris de Bibliotheca Collegii Maximi Prov. Mexicanae, S.J. | ||
| 649 | |a XX | ||
| 650 | |a Belleza Personal | ||
| 650 | |a Infinito | ||
| 650 | |a Causalidad | ||
| 650 | |a Substancia (Filosofía) | ||
| 650 | |a Hilomorfismo | ||
| 650 | |a Ontología - |x Tema Principal | ||
| 650 | |a Filosofía - |x Historia y Crítica | ||
| 910 | |a Fondo General | ||
| 920 | |a Impresos - Libros | ||
| 930 | |a Colección General | ||
| 905 | |a 101 | ||
| 901 | |a 012608 |b IT1 |c ACC |u 20250521 | ||
| 902 | |a https://opac.biblio.iteso.mx/vufind/Record/000387042 | ||